British Comedians: Picture Quiz no.12 - Statistics

General Stats
  • This quiz has been taken 88 times
  • The average score is 7 of 20
Answer Stats
Picture Hint Answer % Correct
Stan Laurel
87%
Richard Ayoade
65%
Joe Lycett
64%
Bernard Manning
56%
Nick Frost
45%
Terry Scott
45%
Eddie Large
44%
Jim Bowen
43%
Bill Pertwee
36%
Nick Hancock
35%
Peter Serafinowicz
31%
Jimmy Cricket
30%
Mick Miller
27%
Paul Shane
26%
Ronni Ancona
26%
Doon Mackichan
16%
Julian Barratt
12%
Felix Dexter
9%
Peter Richardson
8%
Sandy Powell
1%
No matching quizzes found
Score Distribution
Percent of People with Each Score
Percentile by Number Answered
Your Score History
You have not taken this quiz